000 00892cab a2200229 4500
001 X83791
008 090401t1997 xxu||||| |||| 00| 0 eng d
035 _a(Sirsi) u78174
041 _aeng
245 _aR V Berkshire CC ex p. Wokingham DC
260 _c1997
350 _a0
490 _aProperty, planning & compensation reports
_v[1997] 73(4) P&CR 430-438(9)
520 _aCA 2 July 1996. Application for permission for waste recycling and transfer station and B1 use - whether county matter given composite nature of proposed development - Construction of Town and Country Planning Act 1990 - proper approach. (HEADNOTE FROM JOURNAL).
650 _aCLASS B1
650 _aR V BERKSHIRE CC EX P WOKINGHAM DC
650 _aTOWN AND COUNTRY PLANNING ACT 1990
650 _aWASTE RECYCLING
690 _aPLANNING LAW AND PRACTICE-CASE LAW
942 _n0
948 _c06/05/1997
999 _c49193
_d49193